Lyon - Métros, trams, funiculaires (2022) - Statistiques

Statistiques générales
  • Ce quiz a été pris 261 fois
    251 depuis la dernière actualisation
  • Le résultat moyen est 73 sur 177
Statistiques - réponses
Ligne Commune Arrêt % Correct
A | D Lyon 2 Bellecour
93%
A | T1 | T2 Lyon 2 Perrache
91%
A | C Lyon 1 Hôtel de Ville Louis Pradel
90%
T1 | T4 Villeurbanne Charpennes - Charles Hernu
88%
A | B Villeurbanne Charpennes - Charles Hernu
86%
B | D Lyon 3/7 Saxe-Gambetta
83%
A Lyon 2 Ampère Victor Hugo
80%
A Lyon 6 Foch
80%
A Lyon 2 Cordeliers
79%
D Lyon 9 Gare de Vaise
79%
D | T4 Vénissieux Gare de Vénissieux
79%
D | T1 Lyon 3/7 Guillotière - Gabriel Péri
79%
A Lyon 6 Masséna
79%
D | T2 | T5 Lyon 3/8 Grange Blanche
77%
D | F1 | F2 Lyon 5 Vieux Lyon Cathédrale St Jean
77%
A | T3 | T7 Vaulx-en-Velin Vaulx-en-Velin - La Soie
76%
B | T2 Lyon 7 Jean Macé
75%
B Oullins Gare d'Oullins
74%
D Lyon 3/7 Garibaldi
74%
C Lyon 1/4 Croix-Rousse
72%
D Lyon 9 Gorge de Loup
70%
D Lyon 3/8 Sans Souci
70%
B Lyon 6 Brotteaux
68%
C Caluire-et-Cuire Cuire
68%
B | T1 | T6 Lyon 7 Debourg
68%
A Villeurbanne Gratte-Ciel
68%
D Lyon 9 Valmy
67%
D Vénissieux Parilly
66%
D | T6 Bron/Lyon 8 Mermoz-Pinel
64%
D Lyon 8 Laennec
63%
B Lyon 7 Place Jean Jaurès
63%
A Villeurbanne Laurent Bonnevay Astroballe
62%
A Villeurbanne Cusset
60%
A Villeurbanne Flachet
60%
B | T1 Lyon 3 Gare Part-Dieu Vivier Merle
59%
C Lyon 1 Croix-Paquet
58%
B Lyon 3 Place Guichard Bourse du Travail
58%
B Lyon 7 Stade de Gerland
58%
F2 Lyon 5 Fourvière
57%
D Lyon 3/8 Monplaisir-Lumière
57%
C Lyon 4 Hénon
54%
F1 Lyon 5 Saint-Just
54%
T2 | T4 Lyon 8 Jet d'Eau - Mendès France
52%
T1 | T2 Lyon 2 Hôtel de Région Montrochet
51%
T1 | T4 Villeurbanne La Doua - Gaston Berger
50%
A Villeurbanne République Villeurbanne
50%
T1 Lyon 2 Musée des Confluences
44%
T3 | T4 Lyon 3 Gare Part-Dieu - Villette
42%
T2 Saint-Priest Saint-Priest Bel Air
41%
T1 Villeurbanne IUT Feyssine
40%
T1 | T2 Lyon 2 Sainte-Blandine
39%
T1 | T4 Lyon 6 Collège Bellecombe
37%
T1 | T4 Villeurbanne Le Tonkin
37%
F1 Lyon 5 Minimes Théâtres Romains
36%
T3 Meyzieu Meyzieu Zi
35%
T1 | T2 Lyon 2 Place des Archives
34%
T5 Chassieu Eurexpo
33%
T3 Villeurbanne Gare de Villeurbanne
33%
T1 | T4 Villeurbanne Université Lyon 1
33%
T1 | T4 Villeurbanne Condorcet
32%
T3 | T7 Décines-Charpieu Décines - Centre
32%
T3 | T7 Décines-Charpieu Décines - Grand Large
32%
T1 Lyon 7 Halle Tony Garnier
32%
T1 Lyon 7 Quai Claude Bernard
31%
T1 Lyon 7 Rue de l'Université
31%
T2 Lyon 8 Bachut Mairie du 8ème
30%
T2 Lyon 7 Route de Vienne
30%
T1 | T4 Lyon 6 Thiers - Lafayette
30%
T4 Lyon 3 Archives Départementales
29%
T2 Lyon 7 Centre Berthelot - Sciences Po Lyon
29%
T1 Lyon 7 ENS Lyon
29%
T2 Lyon 8 Villon
29%
T2 Lyon 7 Garibaldi - Berthelot
28%
T1 Lyon 7 Saint-André
28%
T3 Lyon 3 Dauphiné - Lacassagne
27%
T2 | T5 Bron Hôtel de Ville - Bron
27%
T1 Lyon 3 Liberté
27%
T1 Lyon 3 Saxe - Préfecture
27%
T2 | T5 Lyon 3/8 Ambroise Paré
26%
T4 Lyon 8 Lycée Colbert
26%
T1 Lyon 3 Part-Dieu Auditorium
26%
T1 Villeurbanne INSA Einstein
25%
T4 Lyon 3/8 Manufacture - Montluc
25%
T2 Saint-Priest Porte des Alpes
25%
T1 Villeurbanne Croix-Luizet
24%
T2 Lyon 8 Jean XXIII - Maryse Bastié
23%
T2 | T5 Bron Les Alizés
23%
T2 Bron Parilly Université - Hippodrome
23%
T3 Villeurbanne Reconnaissance - Balzac
23%
T3 Meyzieu Meyzieu Gare
22%
T2 Bron Rebufer
22%
T2 | T5 | T6 Bron/Lyon 3/8 Desgenettes
21%
T2 | T5 Bron Essarts - Iris
21%
T2 Bron Europe - Université
21%
T4 Feyzin/Vénissieux Hôpital Feyzin Vénissieux
21%
T4 Vénissieux Vénissy
21%
T4 | T6 Lyon 8 Beauvisage - CISL
19%
T3 Villeurbanne Bel Air - Les Brosses
19%
T2 | T5 Bron Boutasse - Camille Rousset
19%
T4 Lyon 8 Lycée Lumière
19%
T4 Lyon 8/Vénissieux États-Unis - Viviani
18%
T6 Lyon 8 Mermoz - Californie
17%
T6 Bron/Lyon 3 Vinatier
16%
T7 Décines-Charpieu Décines - OL Vallée
15%
T6 Bron/Lyon 3 Hôpitaux Est - Pinel
13%
T6 Lyon 8 Mermoz - Moselle
13%
T6 Lyon 8 Moulin à Vent
13%
T5 Bron Parc du Chêne
13%
T1 Lyon 3 Palais de Justice - Mairie du 3e
12%
T5 Bron Lycée Jean-Paul Sartre
11%
T2 Saint-Priest Parc Technologique
11%
T6 Lyon 8 Petite Guille
11%
T2 Saint-Priest Saint-Priest Hôtel de Ville
11%
T6 Lyon 8/Vénissieux Beauvisage - Pressensé
9%
T4 Lyon 8 États-Unis - Musée Tony Garnier
9%
T6 Lyon 8 Grange Rouge - Santy
9%
T2 Saint-Priest Salvador Allende
9%
T6 Lyon 7 Challemel-Lacour - Artillerie
8%
T5 Bron De Tassigny - Curial
8%
T2 Saint-Priest Alfred de Vigny
7%
T2 Saint-Priest Esplanade des Arts
7%
T6 Bron/Lyon 8 Essarts - Laennec
7%
T2 Saint-Priest Hauts de Feuilly
7%
T2 Saint-Priest Jules Ferry
7%
T4 Vénissieux La Borelle
7%
T4 Vénissieux Lycée Jacques Brel
7%
T2 Saint-Priest Cordière
6%
T4 Vénissieux Darnaise
5%
T4 Vénissieux Lénine - Corsière
5%
T4 Vénissieux Maurice Thorez
5%
T3 Meyzieu Meyzieu Les Planettes
5%
T4 Vénissieux Croizat - Paul Bert
4%
T4 Vénissieux Division Leclerc
4%
T4 Vénissieux Joliot Curie - Marcel Sembat
4%
T4 Vénissieux Herriot - Cagne
3%
T4 Vénissieux Marcel Houël - Hôtel de Ville
2%
Aucun quiz correspondant
Distribution des résultats
% des personnes avec chaque résultat
Percentile par nombre de réponses
Votre historique - résultats
Vous n’avez pas pris ce quiz depuis la dernière actualisation